| 000 | 01538nam a2200373 a 4500 | ||
|---|---|---|---|
| 001 | |||
| 003 | OSt | ||
| 005 | 20250408123232.0 | ||
| 008 | 090827s1986 dr 000 0 spa d | ||
| 020 | _a | ||
| 040 |
_aDO-SdBNP _bspa _cDO-SdBNP |
||
| 082 |
_a379.157293 _bH557r _2 |
||
| 100 | 1 |
_aHernández Castillo, Ángel _917443 _d1953- |
|
| 245 | 1 | 0 |
_aReflexiones sobre el sistema educativo dominicano / _cÁngel Hernández Castillo; Miran Acosta |
| 250 | _a | ||
| 260 |
_aSanto Domingo : _bUniversidad Tecnológica de Santiago, _c1986 |
||
| 300 |
_a229 p. ; _c22 cm. |
||
| 490 | 1 | _a | |
| 500 | _a | ||
| 504 | _a | ||
| 505 | _aCrisis y reformas educativas -- El maestro y su formación -- La investigación científica en educación -- La enseñanza superior : problemas y perspectivas -- Filosofía educación y política -- Educación de adultos : El inicio de un esfuerzo frustrado. | ||
| 590 | _aInventariado, 2020/VM | ||
| 650 | 4 |
_aEducación _zRepública Dominicana _9737 |
|
| 650 | 4 |
_a Métodos de enseñanza _917397 |
|
| 650 | 0 |
_aEducación _xFilosofía _zRepública Dominicana _93186 |
|
| 650 | 4 |
_aEducación _xInvestigaciones _913089 |
|
| 650 | 4 |
_aPolítica educativa _zRepública Dominicana _910500 |
|
| 650 | 4 |
_aCalidad de la educación _xEstudios comparados. _977186 |
|
| 650 | 4 |
_aReforma educativa _zRepública Dominicana _x . _977187 |
|
| 700 | 1 |
_aNúñez, Manuel, _d1957- _epról. _92366 |
|
| 710 | 2 |
_aUniversidad Tecnológica de Santiago (República Dominicana) _917444 |
|
| 910 | _aVMateo | ||
| 942 |
_2ddc _cLBS1 |
||
| 999 |
_c49094 _d49094 |
||